[Event "Tournament: Barbican Open"]
[Site "London"]
[Date "1990.10.06"]
[Round "?"]
[White "MacDonaldRoss, S."]
[Black "Stebbings, A."]
[Result "0-1"]
[WhiteElo "1984"]
[BlackElo "2336"]
[PlyCount "64"]
[EventDate "1990.??.??"]

1. d4 Nf6 2. c4 e6 3. Nc3 Bb4 4. e3 c5 5. Nge2 cxd4 6. exd4 d5 7. c5 Ne4 8. Bd2
Nxd2 9. Qxd2 a5 10. a3 Bxc3 11. Nxc3 a4 12. Bd3 b6 13. cxb6 Qxb6 14. O-O Bd7
15. Bc2 O-O 16. Rfe1 Rc8 17. Rad1 Bc6 18. Re3 Nd7 19. Rg3 Nf8 20. h4 Rcb8 21.
Rb1 Rb7 22. h5 Qd8 23. Qh6 g6 24. Qe3 Qf6 25. hxg6 fxg6 26. Rf3 Qe7 27. Ne2 Bb5
28. Nf4 Bc4 29. Rg3 Ra6 30. Nxg6 hxg6 31. Bxg6 Qf6 32. Qh6 Rg7 0-1

[Event "Tournament: Barbican Open"]
[Site "London"]
[Date "1990.10.07"]
[Round "?"]
[White "Stebbings, A."]
[Black "Nellist, J."]
[Result "1/2-1/2"]
[WhiteElo "2336"]
[BlackElo "2168"]
[PlyCount "66"]
[EventDate "1990.??.??"]

1. e4 c5 2. Nf3 d6 3. d4 cxd4 4. Nxd4 Nf6 5. Nc3 a6 6. f4 Qc7 7. Nf3 Nbd7 8. a4
g6 9. Bd3 Bg7 10. O-O O-O 11. Qe1 e5 12. fxe5 dxe5 13. Qh4 h5 14. a5 b5 15.
axb6 Qxb6+ 16. Kh1 Bb7 17. Bc4 Rac8 18. b3 Rxc4 19. bxc4 Qb4 20. Bd2 Qxc4 21.
Rfb1 Bc6 22. Ng5 Nc5 23. Rb6 Bxe4 24. Ncxe4 Nfxe4 25. Nxe4 Nxe4 26. Rb4 Qxc2
27. Qxe4 Qxd2 28. Rba4 Rc8 29. Qe1 Qxe1+ 30. Rxe1 Rc6 31. Rea1 e4 32. Rxa6 Bxa1
33. Rxc6 Kg7 1/2-1/2

[Event "Tournament: Barbican Open"]
[Site "London"]
[Date "1990.10.07"]
[Round "?"]
[White "Jackson, A."]
[Black "Stebbings, A."]
[Result "1/2-1/2"]
[WhiteElo "2048"]
[BlackElo "2336"]
[PlyCount "60"]
[EventDate "1990.??.??"]

1. e4 c5 2. Nf3 e6 3. d4 cxd4 4. Nxd4 Nc6 5. Nc3 Qc7 6. Be2 a6 7. O-O Nf6 8.
Nxc6 bxc6 9. f4 d5 10. e5 Nd7 11. Bd3 Be7 12. Qh5 a5 13. Bd2 g6 14. Qe2 Ba6 15.
Kh1 Bxd3 16. cxd3 O-O 17. Rae1 Rae8 18. f5 exf5 19. Bh6 Bh4 20. g3 Rxe5 21. Qf2
Bf6 22. Bxf8 Kxf8 23. Na4 Rxe1 24. Rxe1 c5 25. Nc3 Qd6 26. Qg2 Nb6 27. Qf3 h5
28. Kg2 Kg7 29. Qe2 h4 30. Nd1 Nd7 1/2-1/2

[Event "Kent league"]
[Site "?"]
[Date "1990.10.11"]
[Round "?"]
[White "Stebbings, A."]
[Black "Seton, M."]
[Result "1-0"]
[WhiteElo "2336"]
[BlackElo "1912"]
[PlyCount "49"]
[EventDate "1990.??.??"]

1. e4 c5 2. Nf3 d6 3. d4 cxd4 4. Nxd4 Nf6 5. Nc3 g6 6. Be2 Bg7 7. O-O O-O 8.
Bg5 Nc6 9. Nb3 a6 10. f4 b5 11. Bf3 Bb7 12. Kh1 b4 13. Nd5 Nxd5 14. exd5 Na5
15. Qe1 Bxb2 16. Bxe7 Qb6 17. Bxf8 Bxa1 18. Nxa5 Qxa5 19. Bxd6 Bc3 20. Qd1 Bxd5
21. Bxd5 Rd8 22. f5 gxf5 23. Rxf5 Rxd6 24. Bxf7+ Kh8 25. Qxd6 1-0

[Event "London league"]
[Site "?"]
[Date "1990.10.16"]
[Round "?"]
[White "Law, A."]
[Black "Stebbings, A."]
[Result "1/2-1/2"]
[WhiteElo "2328"]
[BlackElo "2336"]
[PlyCount "25"]
[EventDate "1990.??.??"]

1. d4 Nf6 2. Nf3 e6 3. c4 Bb4+ 4. Bd2 Qe7 5. g3 Nc6 6. Nc3 O-O 7. Bg2 d5 8.
cxd5 exd5 9. O-O Re8 10. Bg5 Bxc3 11. bxc3 Qxe2 12. Qb3 Qc4 13. Qxc4 1/2-1/2

[Event "Kent league"]
[Site "?"]
[Date "1990.11.16"]
[Round "?"]
[White "Stebbings, A."]
[Black "Taylor, PP."]
[Result "1-0"]
[WhiteElo "2336"]
[BlackElo "2208"]
[PlyCount "70"]
[EventDate "1990.??.??"]

1. d4 Nf6 2. c4 e6 3. Nc3 Bb4 4. e3 O-O 5. Nge2 d5 6. a3 Be7 7. cxd5 exd5 8. b4
c6 9. Ng3 Re8 10. Bd3 b5 11. Bd2 Nbd7 12. a4 Bxb4 13. axb5 c5 14. O-O Nf8 15.
Nce2 Bxd2 16. Qxd2 Ne6 17. Rfc1 c4 18. Bc2 Bd7 19. Qa5 Qxa5 20. Rxa5 Reb8 21.
Nc3 Nc7 22. Rb1 Rb6 23. f3 g6 24. e4 Rab8 25. e5 Nfe8 26. Rxa7 Bxb5 27. Nf1 Bc6
28. Rxb6 Rxb6 29. Kf2 Rb2 30. Ra2 Rxa2 31. Nxa2 Nb5 32. Ke3 Nec7 33. Ng3 Na3
34. Bd1 Ncb5 35. Ne2 Nb1 1-0

[Event "National Club ch."]
[Site "?"]
[Date "1990.11.25"]
[Round "?"]
[White "Stebbings, A."]
[Black "Coleman, D."]
[Result "0-1"]
[WhiteElo "2336"]
[BlackElo "2208"]
[PlyCount "86"]
[EventDate "1990.??.??"]

1. d4 Nf6 2. c4 g6 3. Nc3 Bg7 4. e4 d6 5. f3 O-O 6. Be3 Nc6 7. Qd2 a6 8. Nge2
Rb8 9. h4 e5 10. d5 Na5 11. Ng3 c5 12. h5 Bd7 13. O-O-O b5 14. Bd3 Qe7 15. hxg6
fxg6 16. Bg5 b4 17. Nb1 Ba4 18. Qe1 Bxd1 19. Qxd1 Nb7 20. Nd2 Nd8 21. Bc2 Nf7
22. Be3 Nd7 23. Ne2 Nd8 24. Qg1 Nb6 25. Qh2 Bh8 26. Qh6 Rf7 27. Rh3 a5 28. Rh1
a4 29. Bd3 Nb7 30. Ng1 Bf6 31. g3 Na5 32. Kb1 Rbf8 33. Bf1 Ra8 34. Be2 Qa7 35.
Nh3 Nb3 36. axb3 axb3 37. Nxb3 Qa2+ 38. Kc2 Ra3 39. Nc1 b3+ 40. Kd1 Qxb2 41.
Bd3 Nxc4 42. Ng1 Nxe3+ 43. Qxe3 Qg2 0-1

[Event "Banks match"]
[Site "London"]
[Date "1990.11.27"]
[Round "?"]
[White "Stebbings, A."]
[Black "Hessey, R."]
[Result "1/2-1/2"]
[WhiteElo "2336"]
[BlackElo "2072"]
[PlyCount "46"]
[EventDate "1990.??.??"]

1. e4 Nf6 2. e5 Nd5 3. d4 d6 4. Nf3 Bg4 5. Be2 e6 6. h3 Bxf3 7. Bxf3 Nc6 8.
exd6 Bxd6 9. O-O Qf6 10. c3 O-O-O 11. Nd2 h6 12. Ne4 Qg6 13. c4 Nde7 14. Be3
Be5 15. Nc5 Bxd4 16. Bxd4 Rxd4 17. Qa4 e5 18. Qb5 b6 19. Qa6+ Kd8 20. Nb3 Rd7
21. Qb7 e4 22. Be2 Ke8 23. Rfd1 Qe6 1/2-1/2

[Event "County match"]
[Site "?"]
[Date "1990.12.01"]
[Round "?"]
[White "Stebbings, A."]
[Black "Swanson, S."]
[Result "0-1"]
[WhiteElo "2336"]
[BlackElo "2232"]
[PlyCount "48"]
[EventDate "1990.??.??"]

1. e4 e5 2. Nf3 Nc6 3. Bb5 a6 4. Ba4 d6 5. c3 f5 6. exf5 Bxf5 7. O-O Bd3 8. Re1
Be7 9. Bc2 Bxc2 10. Qxc2 Qd7 11. d4 Nf6 12. dxe5 Nxe5 13. Nd4 O-O 14. f4 Neg4
15. Ne6 d5 16. Nxf8 Bc5+ 17. Kh1 Rxf8 18. h3 Ne4 19. Rxe4 dxe4 20. b4 Bb6 21.
Na3 Rd8 22. Bb2 Nf2+ 23. Kh2 Qf5 24. Bc1 Rd3 0-1

[Event "Kent league"]
[Site "?"]
[Date "1990.12.04"]
[Round "?"]
[White "Morris, P."]
[Black "Stebbings, A."]
[Result "1/2-1/2"]
[WhiteElo "2288"]
[BlackElo "2336"]
[PlyCount "66"]
[EventDate "1990.??.??"]

1. e4 c5 2. Nf3 e6 3. d4 cxd4 4. Nxd4 Nc6 5. Nc3 Qc7 6. Be2 a6 7. f4 Nxd4 8.
Qxd4 b5 9. Be3 Bb7 10. O-O-O Rc8 11. Rd2 Nf6 12. Bf3 Qa5 13. e5 Bc5 14. Qd3
Bxe3 15. Bxb7 Rxc3 16. Qxc3 Qxc3 17. bxc3 Nd5 18. Bxd5 exd5 19. Kd1 Bxd2 20.
Kxd2 Ke7 21. a4 bxa4 22. c4 dxc4 23. Ra1 Rc8 24. Kc3 d6 25. exd6+ Kxd6 26. Rxa4
Rc6 27. Ra5 Kc7 28. Re5 Kb6 29. Re8 Rc7 30. Rb8+ Kc5 31. Ra8 Kb6 32. Rb8+ Kc5
33. Ra8 Kb6 1/2-1/2

[Event "London league"]
[Site "?"]
[Date "1990.12.05"]
[Round "?"]
[White "Dubey, M."]
[Black "Stebbings, A."]
[Result "0-1"]
[WhiteElo "2096"]
[BlackElo "2336"]
[PlyCount "60"]
[EventDate "1990.??.??"]

1. e4 c5 2. Nf3 e6 3. d4 cxd4 4. Nxd4 Nc6 5. Nc3 Qc7 6. Be2 a6 7. a4 Nf6 8. Be3
Bb4 9. O-O O-O 10. Bg5 Be7 11. Qd2 Rd8 12. Rad1 d6 13. Kh1 Nxd4 14. Qxd4 Bd7
15. Rd3 Rac8 16. Rfd1 Bc6 17. Rg3 Ne8 18. Rdd3 b5 19. Rdf3 Rb8 20. Bh6 g6 21.
h4 b4 22. Nd5 exd5 23. exd5 Bxa4 24. Rxf7 Kxf7 25. Qh8 Nf6 26. Qg7+ Ke8 27. Bg4
Nxg4 28. Qg8+ Bf8 29. Bxf8 Qf7 30. Qh8 Qxf8 0-1

[Event "Kent league"]
[Site "?"]
[Date "1991.01.03"]
[Round "?"]
[White "Johnson, J."]
[Black "Stebbings, A."]
[Result "0-1"]
[WhiteElo "2136"]
[BlackElo "2336"]
[PlyCount "54"]
[EventDate "1991.??.??"]

1. d4 Nf6 2. c4 e6 3. g3 Bb4+ 4. Bd2 Qe7 5. Bg2 Nc6 6. Nf3 Bxd2+ 7. Qxd2 Ne4 8.
Qc2 Qb4+ 9. Nc3 Nxc3 10. Qxc3 Qxc3+ 11. bxc3 Na5 12. c5 b6 13. Ne5 Rb8 14. Rb1
Bb7 15. O-O Bxg2 16. Kxg2 d6 17. Nd3 O-O 18. Rfd1 Rfd8 19. Nb4 dxc5 20. dxc5
Kf8 21. Na6 Rxd1 22. Rxd1 Rc8 23. Rd7 Nc6 24. f4 bxc5 25. Nxc5 Ke8 26. Kf3 Na5
27. e4 Nb7 0-1

[Event "Eastman cup"]
[Site "London"]
[Date "1991.01.07"]
[Round "?"]
[White "Wall, G."]
[Black "Stebbings, A."]
[Result "1/2-1/2"]
[WhiteElo "2144"]
[BlackElo "2336"]
[PlyCount "86"]
[EventDate "1991.??.??"]

1. e4 c5 2. Nf3 e6 3. c3 Nf6 4. e5 Nd5 5. d4 cxd4 6. cxd4 d6 7. Nc3 Nxc3 8.
bxc3 Qc7 9. Bd2 Nc6 10. exd6 Bxd6 11. Bd3 e5 12. O-O O-O 13. Re1 h6 14. h3 exd4
15. cxd4 Be6 16. Be4 Ne7 17. Ne5 Rfd8 18. Qe2 Rac8 19. Rec1 Qb6 20. Be3 Nd5 21.
Rxc8 Rxc8 22. Bxd5 Bxd5 23. Qg4 Be6 24. Qg3 Qb2 25. Rd1 Rd8 26. Re1 Kh7 27. a4
Qa2 28. Qh4 Re8 29. Qe4+ Kg8 30. Qxb7 Qxa4 31. Nd3 Qd7 32. Qxd7 Bxd7 33. Ra1
Bb5 34. Nc5 Re7 35. Rb1 Bc4 36. Nb7 Bc7 37. Ra1 Bb6 38. Nd6 Be6 39. Nb5 Rd7 40.
Rc1 a6 41. Rc6 Bd8 42. Nc3 a5 43. Ra6 Kf8 1/2-1/2

[Event "Kent league"]
[Site "?"]
[Date "1991.01.24"]
[Round "?"]
[White "O'Brien, R."]
[Black "Stebbings, A."]
[Result "0-1"]
[WhiteElo "1936"]
[BlackElo "2336"]
[PlyCount "70"]
[EventDate "1991.??.??"]

1. d4 Nf6 2. c4 e6 3. Nf3 Bb4+ 4. Bd2 Qe7 5. Bxb4 Qxb4+ 6. Qd2 Qxc4 7. Nc3 d5
8. a3 Qb3 9. e3 Ne4 10. Nxe4 dxe4 11. Ne5 Nd7 12. Rc1 c6 13. Nc4 O-O 14. Rc3
Qb5 15. Qc2 Qd5 16. Nd2 f5 17. f3 exf3 18. Bc4 f2+ 19. Kxf2 Qd6 20. Nf3 Nf6 21.
Ke1 b6 22. Bd3 Bb7 23. Qe2 c5 24. dxc5 bxc5 25. g3 Rad8 26. Rf1 Ng4 27. Bc4 Bd5
28. Bxd5 exd5 29. Nd2 d4 30. Nc4 Qh6 31. Rd3 Qxh2 32. Qf3 Qc2 33. exd4 Qxc4 34.
b3 Qc1+ 35. Rd1 Rfe8+ 0-1

[Event "London league"]
[Site "?"]
[Date "1991.01.31"]
[Round "?"]
[White "Yerbury, P."]
[Black "Stebbings, A."]
[Result "0-1"]
[WhiteElo "2120"]
[BlackElo "2336"]
[PlyCount "120"]
[EventDate "1991.??.??"]

1. e4 c5 2. Nf3 e6 3. d4 cxd4 4. Nxd4 Nc6 5. Nb5 d6 6. Bf4 e5 7. Be3 Be7 8.
N1c3 a6 9. Nd5 Rb8 10. Bb6 Qd7 11. Nxe7 Kxe7 12. Nc3 Nf6 13. Qd2 Nb4 14. O-O-O
Qc6 15. Be3 Be6 16. a3 Na2+ 17. Nxa2 Bxa2 18. Bg5 Rhc8 19. Bxf6+ gxf6 20. Bd3
b5 21. Qb4 Qb6 22. Qd2 a5 23. f4 Rc6 24. Rhf1 Rbc8 25. Qf2 Qc7 26. Rd2 Qb6 27.
fxe5 dxe5 28. Qxb6 Rxb6 29. Kd1 Bc4 30. Rf3 b4 31. a4 Be6 32. h3 b3 33. Bb5
bxc2+ 34. Rxc2 Rd6+ 35. Rd2 Rcd8 36. Rfd3 f5 37. Rxd6 Rxd6 38. exf5 Bxf5 39. g4
Be6 40. Ke2 Rxd2+ 41. Kxd2 Kd6 42. Kc3 Kc5 43. Bd3 h6 44. Be2 Bd7 45. Bd1 Bc6
46. h4 f6 47. b3 Bg2 48. Be2 e4 49. Bc4 Bf3 50. Be6 e3 51. Kd3 e2 52. Kd2 Kd4
53. Bd7 Ke4 54. Bc8 Kf4 55. b4 axb4 56. a5 b3 57. a6 b2 58. Bf5 Be4 59. Bxe4
Kxe4 60. a7 e1=Q+ 0-1

[Event "Kent league"]
[Site "?"]
[Date "1991.02.06"]
[Round "?"]
[White "Stebbings, A."]
[Black "Richardson, J."]
[Result "1/2-1/2"]
[WhiteElo "2336"]
[BlackElo "2312"]
[PlyCount "77"]
[EventDate "1991.??.??"]

1. e4 e5 2. Nf3 Nc6 3. Bb5 Nge7 4. c3 d6 5. d4 Bd7 6. O-O Ng6 7. Be3 Be7 8.
Nbd2 O-O 9. Re1 Nxd4 10. Bxd7 Nxf3+ 11. Qxf3 Qxd7 12. c4 b6 13. b4 f5 14. exf5
Qxf5 15. Qd5+ Kh8 16. Ne4 Nf4 17. Qc6 Nd3 18. Reb1 Rac8 19. a3 Qg4 20. Ra2 Nf4
21. f3 Qg6 22. Rd1 Bg5 23. Kh1 Ne6 24. Nxg5 Nxg5 25. c5 bxc5 26. bxc5 e4 27. f4
Ne6 28. g3 Qh5 29. Rf1 Nxc5 30. Bxc5 Qxc5 31. Qxc5 dxc5 32. Re1 Rfe8 33. Rae2
Kg8 34. Rxe4 Kf7 35. Rxe8 Rxe8 36. Rc1 Ke6 37. Rxc5 Kd6 38. Ra5 Ra8 39. Kg2
1/2-1/2

[Event "London league"]
[Site "?"]
[Date "1991.02.25"]
[Round "?"]
[White "Sugden, J."]
[Black "Stebbings, A."]
[Result "1/2-1/2"]
[WhiteElo "2224"]
[BlackElo "2336"]
[PlyCount "60"]
[EventDate "1991.??.??"]

1. d4 Nf6 2. c4 e6 3. Nc3 Bb4 4. a3 Bxc3+ 5. bxc3 b6 6. f3 Nc6 7. e4 Ba6 8. Bg5
h6 9. Bh4 Qc8 10. Bxf6 gxf6 11. Bd3 Na5 12. Qe2 Qb7 13. Nh3 Qc6 14. c5 Bxd3 15.
Qxd3 d6 16. cxd6 cxd6 17. O-O Rc8 18. Rac1 Qc4 19. Qe3 Ke7 20. Nf2 Qb3 21. e5
dxe5 22. dxe5 f5 23. Qd4 Rhd8 24. Qh4+ Ke8 25. Qxh6 Qxa3 26. Rfd1 Qc5 27. Qh8+
Ke7 28. Qf6+ Ke8 29. Qh8+ Ke7 30. Qh4+ Ke8 1/2-1/2

[Event "County match"]
[Site "?"]
[Date "1991.03.02"]
[Round "?"]
[White "Coleman, D."]
[Black "Stebbings, A."]
[Result "1-0"]
[WhiteElo "2208"]
[BlackElo "2336"]
[PlyCount "75"]
[EventDate "1991.??.??"]

1. e4 c5 2. Nf3 e6 3. d4 cxd4 4. Nxd4 a6 5. Bd3 Nf6 6. f4 d6 7. O-O Qc7 8. Kh1
Be7 9. b3 O-O 10. Bb2 b5 11. Nd2 Bb7 12. Qf3 Nc6 13. Nxc6 Bxc6 14. Qg3 g6 15.
Rae1 Nd7 16. Re3 Bf6 17. Bxf6 Nxf6 18. Qh4 Qd8 19. f5 Kg7 20. Rh3 h5 21. Nf3 e5
22. Ng5 Qe7 23. Rg3 Ra7 24. Rgf3 d5 25. Qe1 Qd6 26. Rg3 Rd7 27. fxg6 fxg6 28.
exd5 Qxd5 29. Bxg6 Kxg6 30. Ne6+ Kf7 31. Nxf8 Rd6 32. Nh7 h4 33. Nxf6 Rxf6 34.
Rxf6+ Kxf6 35. Qf2+ Ke7 36. Rg7+ Ke8 37. h3 b4 38. Qxh4 1-0

[Event "Eastman cup"]
[Site "London"]
[Date "1991.03.07"]
[Round "?"]
[White "Doye, P."]
[Black "Stebbings, A."]
[Result "1/2-1/2"]
[WhiteElo "1936"]
[BlackElo "2336"]
[PlyCount "86"]
[EventDate "1991.??.??"]

1. Nf3 Nf6 2. g3 d5 3. Bg2 c6 4. O-O Bg4 5. d4 e6 6. Nbd2 Nbd7 7. Re1 Be7 8. e4
dxe4 9. Nxe4 O-O 10. c3 Qa5 11. h3 Bh5 12. Qb3 Nxe4 13. Rxe4 Qd5 14. Qxd5 cxd5
15. Re1 b5 16. Ne5 Nb6 17. g4 Bg6 18. Nxg6 hxg6 19. Bf4 Rfc8 20. Rac1 Kf8 21.
Bf1 a6 22. Bd3 Rc6 23. Kg2 Rac8 24. a3 Nc4 25. Bxc4 Rxc4 26. Bd2 a5 27. f4 Ke8
28. f5 gxf5 29. gxf5 Kd7 30. fxe6+ fxe6 31. Re2 Bf6 32. Rce1 R4c6 33. b4 axb4
34. axb4 Ra6 35. Kg3 Rh8 36. Kg4 Rh4+ 37. Kg3 Rh5 38. Kg4 Rh4+ 39. Kg3 Rh8 40.
Kg4 Ra2 41. Bc1 Rxe2 42. Rxe2 Ra8 43. Bg5 Ke7 1/2-1/2

[Event "London league"]
[Site "?"]
[Date "1991.03.11"]
[Round "?"]
[White "Crouch, C."]
[Black "Stebbings, A."]
[Result "0-1"]
[WhiteElo "2336"]
[BlackElo "2336"]
[PlyCount "62"]
[EventDate "1991.??.??"]

1. d4 Nf6 2. c4 e6 3. Nc3 Bb4 4. f3 d5 5. a3 Bxc3+ 6. bxc3 c5 7. cxd5 Nxd5 8.
dxc5 Qa5 9. e4 Nc7 10. Qd4 f6 11. Qb4 Nc6 12. Qxa5 Nxa5 13. Rb1 Bd7 14. Ne2 e5
15. c4 Na6 16. Bd2 Nxc4 17. Rxb7 Nxc5 18. Rxd7 Kxd7 19. Nc3 Nxa3 20. Kf2 Nb3
21. Be3 Rhc8 22. Nb5 Nxb5 23. Bxb5+ Ke7 24. Rd1 Rc7 25. Ba4 Nd4 26. Bxd4 exd4
27. Rxd4 Rd8 28. Rb4 Rd2+ 29. Kg3 a5 30. Rb5 Ra7 31. h4 Rd4 0-1

[Event "Banks match"]
[Site "London"]
[Date "1991.03.13"]
[Round "?"]
[White "Rich, M."]
[Black "Stebbings, A."]
[Result "1/2-1/2"]
[WhiteElo "2192"]
[BlackElo "2336"]
[PlyCount "42"]
[EventDate "1991.??.??"]

1. e4 c5 2. Nc3 Nc6 3. f4 e6 4. Nf3 a6 5. g3 d5 6. d3 Nf6 7. Qe2 Be7 8. Bg2 O-O
9. Ne5 Nd4 10. Qd1 b5 11. exd5 exd5 12. Be3 Bb7 13. Bxd4 cxd4 14. Ne2 Qa5+ 15.
Kf1 Qb4 16. Rb1 Rac8 17. Bh3 Rc7 18. Nf3 Qa4 19. Nfxd4 Qxa2 20. b4 Bc8 21. f5
Nd7 1/2-1/2

[Event "National Club ch."]
[Site "?"]
[Date "1991.03.23"]
[Round "?"]
[White "Stebbings, A."]
[Black "Denman, B."]
[Result "1-0"]
[WhiteElo "2336"]
[BlackElo "2320"]
[PlyCount "71"]
[EventDate "1991.??.??"]

1. d4 Nf6 2. c4 c5 3. Nf3 cxd4 4. Nxd4 e6 5. Nc3 Bb4 6. g3 Ne4 7. Qd3 Qa5 8.
Nb3 Nxc3 9. Bd2 Ne4 10. Qxe4 Bxd2+ 11. Nxd2 d5 12. cxd5 O-O 13. Bg2 Na6 14. a3
Rd8 15. b4 Qxd5 16. Qxd5 exd5 17. Nb3 Be6 18. O-O Rac8 19. Nd4 Rc4 20. Rfd1 Kf8
21. Rd3 Rdc8 22. Rad1 Rc1 23. Nb5 Bg4 24. Kf1 R8c2 25. Bf3 Bxf3 26. exf3 Nc7
27. Nxc7 Rxc7 28. Rxd5 R1c2 29. R1d2 Rc1+ 30. Rd1 R1c2 31. R1d2 Rc1+ 32. Kg2
Ra1 33. R5d3 Ke7 34. Re3+ Kf6 35. Rd6+ Kf5 36. g4+ 1-0

[Event "Kent league"]
[Site "?"]
[Date "1991.03.26"]
[Round "?"]
[White "Tucker, D."]
[Black "Stebbings, A."]
[Result "1/2-1/2"]
[WhiteElo "2056"]
[BlackElo "2336"]
[PlyCount "60"]
[EventDate "1991.??.??"]

1. e4 c5 2. Nf3 e6 3. d4 cxd4 4. Nxd4 Nc6 5. Nc3 Qc7 6. Be2 a6 7. f4 Nxd4 8.
Qxd4 b5 9. a3 Bb7 10. Be3 Rc8 11. O-O Nf6 12. Rad1 Be7 13. Bf3 O-O 14. e5 Bxf3
15. gxf3 Nh5 16. Rf2 Bc5 17. Qd3 Qa7 18. Bxc5 Rxc5 19. Qe3 Rc7 20. Qxa7 Rxa7
21. Rd4 Rc8 22. Rfd2 Kf8 23. Kf2 Ke7 24. Ne4 f6 25. Ng3 Nxg3 26. hxg3 Rc5 27.
Re2 a5 28. c3 Rb7 29. Ke1 h6 30. Kd1 Rbc7 1/2-1/2

[Event "London league"]
[Site "?"]
[Date "1991.04.03"]
[Round "?"]
[White "Leake, J."]
[Black "Stebbings, A."]
[Result "0-1"]
[WhiteElo "2160"]
[BlackElo "2336"]
[PlyCount "53"]
[EventDate "1991.??.??"]

1. e4 c5 2. Ne2 Nc6 3. Nbc3 e6 4. g3 Nf6 5. Bg2 a6 6. O-O Be7 7. d4 cxd4 8.
Nxd4 Qc7 9. Nxc6 bxc6 10. Na4 Bb7 11. Be3 c5 12. Nc3 Rd8 13. Qe2 O-O 14. Rfe1
d6 15. Rad1 Rfe8 16. Bf4 Nd7 17. g4 Ne5 18. Bg3 Nc6 19. f4 Nd4 20. Qf2 Bc6 21.
f5 Bf6 22. h4 h6 23. Bf4 Qe7 24. Bg3 Be5 25. Kh2 Qxh4+ 26. Bh3 Nxc2 27. Rd2 0-1

[Event "County match"]
[Site "?"]
[Date "1991.04.06"]
[Round "?"]
[White "Stebbings, A."]
[Black "Stephenson, C."]
[Result "1-0"]
[WhiteElo "2336"]
[BlackElo "1960"]
[PlyCount "51"]
[EventDate "1991.??.??"]

1. e4 c5 2. Nf3 e6 3. d4 cxd4 4. Nxd4 Nf6 5. Nc3 d6 6. f4 a6 7. Qf3 Be7 8. Be3
Qc7 9. O-O-O Nc6 10. g4 Nxd4 11. Bxd4 e5 12. fxe5 dxe5 13. Qg3 Bd6 14. Be3 Be6
15. g5 Nd7 16. h4 Rc8 17. Rh2 O-O 18. h5 Rfd8 19. Bh3 Bc5 20. Nd5 Bxe3+ 21.
Qxe3 Bxd5 22. exd5 Qd6 23. g6 hxg6 24. hxg6 Qxg6 25. Bxd7 Rxd7 26. Rdh1 1-0

[Event "London league"]
[Site "?"]
[Date "1991.04.15"]
[Round "?"]
[White "Rich, M."]
[Black "Stebbings, A."]
[Result "0-1"]
[WhiteElo "2192"]
[BlackElo "2336"]
[PlyCount "72"]
[EventDate "1991.??.??"]

1. e4 c5 2. d4 cxd4 3. c3 dxc3 4. Nxc3 e6 5. Nf3 a6 6. Bc4 Ne7 7. e5 Ng6 8. h4
Nc6 9. Qe2 Qc7 10. Bb3 Ngxe5 11. Bf4 Bd6 12. O-O-O Nd3+ 13. Rxd3 Bxf4+ 14. Kb1
O-O 15. g3 Be5 16. Rc1 d6 17. Ne4 Bd7 18. Nfg5 d5 19. Nc5 Rad8 20. a3 Bf6 21.
Qh5 h6 22. Rf3 Qe5 23. Nd3 Qd4 24. Bc2 e5 25. Nh7 Kxh7 26. Rxf6 gxf6 27. Nxe5+
Kg7 28. Nxd7 Rxd7 29. Qf5 Rfd8 30. Re1 Ne5 31. Qh7+ Kf8 32. Qxh6+ Ke7 33. f4
Qf2 34. Rxe5+ fxe5 35. Qg5+ Kd6 36. Qxe5+ Kc6 0-1

[Event "Eastman cup"]
[Site "London"]
[Date "1991.04.21"]
[Round "?"]
[White "LeBlancq, S."]
[Black "Stebbings, A."]
[Result "0-1"]
[WhiteElo "2160"]
[BlackElo "2336"]
[PlyCount "84"]
[EventDate "1991.??.??"]

1. e4 c5 2. Nf3 e6 3. c3 Nf6 4. e5 Nd5 5. d4 cxd4 6. cxd4 d6 7. a3 Bd7 8. Bd3
Bc6 9. O-O Nd7 10. Re1 Be7 11. Nbd2 dxe5 12. dxe5 Nc5 13. Bb1 Nf4 14. Qc2 Ncd3
15. Re3 Rc8 16. Rxd3 Nxd3 17. Qxd3 Bxf3 18. Qf1 Qc7 19. Bd3 Bd5 20. Bb5+ Bc6
21. Bxc6+ Qxc6 22. Nf3 O-O 23. Be3 a6 24. h3 Rfd8 25. Qe1 Qb5 26. Bd4 h6 27.
Bc3 Qd3 28. Nh2 Rc4 29. Ng4 Bg5 30. Kh1 Bd2 31. Bxd2 Qxd2 32. Qf1 Rcd4 33. b4
Qd1 34. Ne3 Qxf1+ 35. Rxf1 Re4 36. Rc1 Rxe5 37. Rc7 Rb5 38. Nc4 Rd1+ 39. Kh2
Rc1 40. Rc8+ Kh7 41. Kg3 Rd5 42. f3 Rd3 0-1

[Event "London league"]
[Site "?"]
[Date "1991.04.29"]
[Round "?"]
[White "Stebbings, A."]
[Black "Kett, T."]
[Result "1/2-1/2"]
[WhiteElo "2336"]
[BlackElo "2208"]
[PlyCount "45"]
[EventDate "1991.??.??"]

1. c4 e6 2. d4 d5 3. Nc3 f5 4. Bf4 Nf6 5. e3 c6 6. Nf3 Be7 7. Bd3 O-O 8. h3 Ne4
9. Qc2 Nd7 10. Ne5 Nxe5 11. Bxe5 Bf6 12. Bxf6 Qxf6 13. O-O Qh6 14. Rae1 Bd7 15.
Kh2 Kh8 16. f3 Ng5 17. f4 Ne4 18. Bxe4 fxe4 19. Qf2 b6 20. Qg3 Rad8 21. c5 Bc8
22. Rf2 Ba6 23. b4 1/2-1/2

[Event "National Club ch."]
[Site "?"]
[Date "1991.05.12"]
[Round "?"]
[White "Stebbings, A."]
[Black "Martin, A."]
[Result "1/2-1/2"]
[WhiteElo "2248"]
[BlackElo "2424"]
[PlyCount "111"]
[EventDate "1991.??.??"]

1. e4 d5 2. exd5 Nf6 3. c4 e6 4. dxe6 Bxe6 5. Nf3 c5 6. Nc3 Nc6 7. d3 Qb6 8.
Be2 Rd8 9. Qa4 Bd6 10. O-O O-O 11. Rb1 h6 12. Rd1 Rfe8 13. a3 Bf5 14. Be3 Nd4
15. b4 Bd7 16. Qa5 Nxe2+ 17. Nxe2 Qxa5 18. bxa5 Bc6 19. h3 Bc7 20. Nc1 Ne4 21.
Rf1 Ng3 22. Rd1 Ba4 23. Rd2 Bxa5 24. Rdb2 b6 25. Bxc5 Bc3 26. Ra2 bxc5 27. fxg3
Rb8 28. Rxb8 Rxb8 29. Ne2 Rb1+ 30. Kf2 Rb2 31. Rxb2 Bxb2 32. Ke3 Kf8 33. d4
cxd4+ 34. Nfxd4 Bxa3 35. Nc3 Bd7 36. Ke4 a5 37. Kd5 Bb4 38. Ncb5 a4 39. Nc2 Be7
40. Nbd4 a3 41. c5 a2 42. c6 Bc8 43. Nb5 Be6+ 44. Ke5 Bf6+ 45. Kd6 a1=Q 46.
Nxa1 Bxa1 47. c7 h5 48. Na7 Bd4 49. c8=Q+ Bxc8 50. Nxc8 Bf2 51. g4 hxg4 52.
hxg4 Ke8 53. Kd5 Bg3 54. Nb6 Ke7 55. Ke4 Ke6 56. Nc4 1/2-1/2

[Event "London league"]
[Site "?"]
[Date "1991.05.13"]
[Round "?"]
[White "Stebbings, A."]
[Black "Bryans, N."]
[Result "0-1"]
[WhiteElo "2248"]
[BlackElo "2176"]
[PlyCount "64"]
[EventDate "1991.??.??"]

1. d4 f5 2. c4 Nf6 3. Nc3 b6 4. Bg5 e6 5. Nf3 Bb7 6. d5 h6 7. Bf4 exd5 8. cxd5
Bb4 9. d6 c5 10. e3 O-O 11. Bc4+ Kh8 12. O-O Bxc3 13. bxc3 Ne4 14. Qd3 Qf6 15.
Rac1 Nc6 16. Rfd1 Rae8 17. h3 g5 18. Bh2 g4 19. Ne1 gxh3 20. f3 Ng5 21. Bd5
hxg2 22. Rc2 f4 23. e4 Ne5 24. Qe2 Bxd5 25. Rxd5 Rg8 26. Nxg2 Ngxf3+ 27. Kh1
Nxh2 28. Qh5 f3 29. Ne3 Nhg4 30. Nxg4 Nxg4 31. Rf5 Qg6 32. Qh3 Nf2+ 0-1

[Event "County match"]
[Site "?"]
[Date "1991.06.01"]
[Round "?"]
[White "Stebbings, A."]
[Black "Lawton, G."]
[Result "1/2-1/2"]
[WhiteElo "2248"]
[BlackElo "2384"]
[PlyCount "123"]
[EventDate "1991.??.??"]

1. d4 Nf6 2. c4 g6 3. Nc3 Bg7 4. e4 d6 5. f3 O-O 6. Be3 Nc6 7. Qd2 a6 8. Nge2
Rb8 9. h4 b5 10. h5 e5 11. d5 Na5 12. Ng3 bxc4 13. O-O-O Bd7 14. Bh6 Bxh6 15.
Qxh6 Qe7 16. Be2 c6 17. Rd2 Rfc8 18. hxg6 fxg6 19. Bd1 Nb7 20. Bc2 Nd8 21. Nge2
Nf7 22. Qh4 Kg7 23. Ba4 h5 24. g3 Rb7 25. Rhd1 cxd5 26. Bxd7 Rxd7 27. exd5 Rb7
28. Re1 Nh6 29. Nd4 Nxd5 30. Qxe7+ Nxe7 31. Ne6+ Kg8 32. Rxd6 Rc6 33. Rd8+ Kf7
34. Ng5+ Kg7 35. Rxe5 Nf7 36. Nxf7 Kxf7 37. Ne4 Nf5 38. g4 hxg4 39. fxg4 Re7
40. Rxe7+ Nxe7 41. Kd2 Ke6 42. Ke3 Ke5 43. Re8 Rc7 44. Nd2 c3 45. Nf3+ Kf6 46.
bxc3 Rxc3+ 47. Kf4 Ra3 48. Rf8+ Ke6 49. Nd4+ Kd7 50. Ra8 Rxa2 51. Ke5 Ra1 52.
Ra7+ Ke8 53. Kf6 Rf1+ 54. Ke6 Re1+ 55. Kf6 Re4 56. Nb3 Nd5+ 57. Kxg6 Rxg4+ 58.
Kf5 Rb4 59. Ke5 Rxb3 60. Kxd5 Rb6 61. Kc5 Rh6 62. Kb4 1/2-1/2